Economía postkeynesiana / (Registro nro. 25035)
[ vista simple ]
| 000 -LEADER | |
|---|---|
| fixed length control field | 01282cam a2200361 i 4500 |
| 001 - CONTROL NUMBER | |
| control field | 25035 |
| 003 - CONTROL NUMBER IDENTIFIER | |
| control field | Mx-PuUPA |
| 005 - DATE AND TIME OF LATEST TRANSACTION | |
| control field | 20250708121301.0 |
| 008 - FIXED-LENGTH DATA ELEMENTS--GENERAL INFORMATION | |
| fixed length control field | 140415s1984 sp gr 000 0 spa d |
| 017 ## - COPYRIGHT OR LEGAL DEPOSIT NUMBER | |
| Copyright or legal deposit number | M. 7:056-1984 |
| 020 ## - INTERNATIONAL STANDARD BOOK NUMBER | |
| International Standard Book Number | 8472142892 |
| 040 ## - CATALOGING SOURCE | |
| Original cataloging agency | Mx-PuUPA |
| Language of cataloging | spa |
| Transcribing agency | Mx-PuUPA |
| Modifying agency | Mx-PuUPA |
| Description conventions | rda |
| 041 1# - LANGUAGE CODE | |
| Language code of text/sound track or separate title | spa |
| Language code of original | eng |
| 240 12 - UNIFORM TITLE | |
| Uniform title | A guide to post-keynesian economics. |
| Language of a work | Español |
| 245 00 - TITLE STATEMENT | |
| Title | Economía postkeynesiana / |
| Statement of responsibility, etc. | Alfred S. Eichner, editor ; prólogo de Joan Robinson ; traducción, Miguel Morán |
| 250 ## - EDITION STATEMENT | |
| Edition statement | Primera edición |
| 264 #1 - PRODUCTION, PUBLICATION, DISTRIBUTION, MANUFACTURE, AND COPYRIGHT NOTICE | |
| Place of production, publication, distribution, manufacture | Madrid : |
| Name of producer, publisher, distributor, manufacturer | Herman Blume, |
| Date of production, publication, distribution, manufacture, or copyright notice | ©1984 |
| 300 ## - PHYSICAL DESCRIPTION | |
| Extent | 219 páginas ; |
| Dimensions | 21 cm |
| 336 ## - CONTENT TYPE | |
| Fuente | rdacontent |
| Content type term | texto |
| Content type code | txt |
| 337 ## - MEDIA TYPE | |
| Source | rdamedia |
| Media type term | sin medio |
| Media type code | n |
| 338 ## - CARRIER TYPE | |
| Source | rdacarrier |
| Carrier type term | volumen |
| Carrier type code | nc |
| 490 0# - SERIES STATEMENT | |
| Series statement | Economía |
| 650 #7 - SUBJECT ADDED ENTRY--TOPICAL TERM | |
| Source of heading or term | armarc |
| Topical term or geographic name entry element | Economía Keynesiana |
| 650 #7 - SUBJECT ADDED ENTRY--TOPICAL TERM | |
| Source of heading or term | armarc |
| Topical term or geographic name entry element | Economía |
| Form subdivision | Escuelas y teorías |
| 700 1# - ADDED ENTRY--PERSONAL NAME | |
| Personal name | Eichner, Alfred S., |
| Relator term | editor |
| 9 (RLIN) | 17293 |
| 700 1# - ADDED ENTRY--PERSONAL NAME | |
| Personal name | Moran, Miguel, |
| Relator term | traductor |
| 700 1# - ADDED ENTRY--PERSONAL NAME | |
| Personal name | Robinson, Joan, |
| Relator term | prologuista |
| 765 0# - ORIGINAL LANGUAGE ENTRY | |
| Main entry heading | Eichner, Alfred S., |
| Title | A guide to post-keynesian economics. |
| 942 ## - ADDED ENTRY ELEMENTS (KOHA) | |
| Source of classification or shelving scheme | Dewey Decimal Classification |
| Koha item type | Libro |
| Classification part | 330.1 |
| Item part | E5218 |
| Withdrawn status | Lost status | Source of classification or shelving scheme | Damaged status | Not for loan | Collection code | Home library | Current library | Shelving location | Date acquired | Source of acquisition | Total Checkouts | Full call number | Barcode | Date last seen | Price effective from | Koha item type |
|---|---|---|---|---|---|---|---|---|---|---|---|---|---|---|---|---|
| Dewey Decimal Classification | General | Biblioteca Karol Wojtyla | Biblioteca Karol Wojtyla | Sala general | 03/12/2013 | Donación | 330.1 E5218 1984 | 46712 | 05/01/2026 | 03/12/2013 | Libro |